| 000 | 00630cam a2200217 a 4500 | ||
|---|---|---|---|
| 001 | 13230719 | ||
| 005 | 20250829122304.0 | ||
| 008 | 030609s2004 njua b 001 0 eng | ||
| 020 | _a0130941999 | ||
| 020 | _a9780130941992 | ||
| 050 | 0 | 0 |
_aBF318 _b.O76 2004 |
| 082 | 0 | 0 |
_a153.1/5 _221 |
| 100 | 1 | _aOrmrod, Jeanne Ellis. | |
| 245 | 1 | 0 |
_aHuman learning / _cJeanne Ellis Ormrod. |
| 250 | _a4th ed. | ||
| 260 |
_aUpper Saddle River, N.J. : _bMerrill, _cc2004. |
||
| 300 |
_a1 v. (various pagings) : _bill. (some col.) ; _c25 cm. |
||
| 650 | 0 | _aLearning, Psychology of. | |
| 650 | 0 | _aBehaviorism (Psychology) | |
| 942 |
_2lcc _cBK _n0 |
||
| 999 |
_c7399 _d7399 |
||